Devinez l'État Américain Mystère #16 - Statistiques

Statistiques générales
  • Ce quiz a été pris 317 fois
  • Le résultat moyen est 29 sur 34
Statistiques - réponses
Type de Réponse Réponse % Correct
Lettre de l'Alphabet A
100%
Lettre Trouvée I
100%
Lettre de l'Alphabet N
100%
Lettre Trouvée O
100%
Lettre de l'Alphabet S
99%
Lettre Trouvée E
98%
Lettre Trouvée R
98%
Lettre Trouvée L
97%
Lettre de l'Alphabet H
95%
Lettre de l'Alphabet T
95%
Lettre de l'Alphabet W
95%
Lettre de l'Alphabet C
93%
Lettre Trouvée D
93%
Lettre de l'Alphabet K
93%
Lettre de l'Alphabet M
91%
Lettre de l'Alphabet U
91%
Lettre de l'Alphabet G
89%
Lettre de l'Alphabet Y
88%
Lettre de l'Alphabet V
85%
Lettre Trouvée F
82%
Lettre de l'Alphabet B
81%
Lettre de l'Alphabet X
81%
Lettre Bien Placée L
77%
Lettre de l'Alphabet P
77%
Lettre Bien Placée O
76%
Lettre de l'Alphabet Z
75%
Lettre Bien Placée E
74%
Lettre Bien Placée I
74%
Lettre de l'Alphabet Q
74%
Lettre Bien Placée R
74%
Lettre de l'Alphabet J
73%
Lettre Bien Placée D
71%
Lettre Bien Placée F
71%
État Mystère Floride
71%
Aucun quiz correspondant
Distribution des résultats
% des personnes avec chaque résultat
Percentile par nombre de réponses
Votre historique - résultats
Vous n’avez pas pris ce quiz